01270nab a22002297a 4500003000400000005001700004008004100021040000700062100002600069245008900095260007300184300001200257500007500269505031900344505008900663650003600752650002800788650003400816650002900850650002700879773013400906OSt20251224102325.0190603e xxum|||| |||| 00| 0 spa d cPJ aArias, María Paula 10aImpacto de la normativa de consumo en el transporte aéreo /cMaría Paula Arias.  cCiudad Autónoma de Buenos Aires :aThomson Reuters La Ley, b2025. ap. 5-14 aCita: TR LALEY AR/DOC/23/2025 Publicado en: RCCyC 2025 (febrero) , 5. aSumario: I. Introducción.— II. El contrato de transporte aéreo como contrato de consumo.— III. La aplicación directa de la normativa de consumo al transporte aéreo bajo un prisma constitucional.— IV. Vaivenes en torno a la competencia ordinaria y la competencia federal.— V. Síntesis conclusiva.  t¿Te interesa el texto completo? Solicitalo al correo: koha@justierradelfuego.gov.ar 0aTRANSPORTE AÉREO DE PASAJEROS 0aDERECHOS DEL CONSUMIDOR 0aLEY DE DEFENSA DEL CONSUMIDOR 0aCODIGO CIVIL Y COMERCIAL 0aCÓDIGO AERONÁUTICO0 02713dCiudad Autónoma de Buenos Aires : Thomson Reuters La Ley, 2015-tRevista Código Civil y Comercial. Nº 1 - Febrero 2025